书目信息 |
| 题名: |
现代生态学
|
|
| 作者: | 戈峰 主编 | |
| 分册: | ||
| 出版信息: | 北京 科学出版社 2002 |
|
| 页数: | 460页 | |
| 开本: | 26cm | |
| 丛书名: | 中国科学院研究生教学丛书 | |
| 单 册: | ||
| 中图分类: | Q14 | |
| 科图分类: | ||
| 主题词: | 生态学--研究生--教材 , 生态学 | |
| 电子资源: | ||
| ISBN: | 7-03-010756-X | |
| 000 | 00917nam0 2200277 450 | |
| 000 | 00923nam0 2200277 450 | |
| 000 | 00857nam0 2200253 450 | |
| 000 | 00820nam0 2200241 45 | |
| 005 | 20070528132106.45 | |
| 010 | @a7-03-010756-X@dCNY49.00 | |
| 100 | @a20070418d2002 em y0chiy0120 ea | |
| 101 | 0 | @achi |
| 102 | @aCN@b110000 | |
| 105 | @ay z 000yy | |
| 200 | 1 | @a现代生态学@AXian Dai Sheng Tai Xue@f戈峰主编@FGe Feng Zhu Bian |
| 210 | @a北京@c科学出版社@d2002 | |
| 215 | @a460页@d26cm | |
| 225 | 2 | @a中国科学院研究生教学丛书 |
| 330 | @a本书按照生态学从微观到宏观发展的层次,分述分子生态学、生理生态学、种群生态学、群落生态学、生态系统生态学、景观生态学、系统生态学和应用生态学。 | |
| 410 | 0 | @12001 @a中国科学院研究生教学丛书 |
| 606 | 0 | @a生态学@x研究生@j教材 |
| 606 | 0 | @a生态学 |
| 690 | @aQ14@v4 | |
| 701 | 0 | @a戈峰@AGe Feng@4主编 |
| 801 | 0 | @aCN@bTAOJIN@c20070528 |
| 905 | @a10447@dQ14@e116 | |
| 现代生态学/戈峰主编.-北京:科学出版社,2002 |
| 460页;26cm.-(中国科学院研究生教学丛书) |
| ISBN 7-03-010756-X:CNY49.00 |
| 本书按照生态学从微观到宏观发展的层次,分述分子生态学、生理生态学、种群生态学、群落生态学、生态系统生态学、景观生态学、系统生态学和应用生态学。 |
| ● |
| 相关链接 |
|
|
|
|
正题名:现代生态学
索取号:Q14/116
 
预约/预借
| 序号 | 登录号 | 条形码 | 馆藏地/架位号 | 状态 | 备注 |
| 1 | 0523251 | 205232513 | 第二样本阅览室/ [索取号:Q14/116] | 在馆 | |
| 2 | 0523252 | 205232522 | 第三借阅区/ [索取号:Q14/116] | 在馆 | |
| 3 | 0523253 | 205232531 | 密集书库/ [索取号:Q14/116] | 在馆 | |
| 4 | 0523254 | 205232540 | 第三借阅区/ [索取号:Q14/116] | 在馆 | |
| 5 | 0523255 | 205232559 | 第三借阅区/ [索取号:Q14/116] | 在馆 | |
| 6 | 0523256 | 205232568 | 第三借阅区/ [索取号:Q14/116] | 在馆 | |
| 7 | 0523257 | 205232577 | 密集书库/ [索取号:Q14/116] | 在馆 | |
| 8 | 0523258 | 205232586 | 密集书库/ [索取号:Q14/116] | 在馆 |